000 00638nam a22001937a 4500
999 _c7681
_d7681
003 OSt
005 20220209111907.0
008 220209b ||||| |||| 00| 0 eng d
020 _a9780415512893
040 _cDDC
082 _a333.916 COT 2008
100 _aColazingari, Marco
_915698
245 _aMarine natural resources and technological development :
_ban economic analysis of the wealth from the oceans
260 _aNew York :
_b Routledge;
_c©2008
300 _axx, 235 pages :
_b illustrations ;
_c 24 cm
504 _aIncludes bibliographical references and index.
650 _aMarine resources.
_915699
942 _2ddc
_cBOOK